| 000 | 00976cam a22003133a 4500 | ||
|---|---|---|---|
| 001 | 6092 | ||
| 003 | PGUSA | ||
| 005 | 20140828083128.0 | ||
| 008 | 040701s2004||||xxu|||||s|||||000 | eng d | ||
| 040 |
_aPGUSA _beng |
||
| 042 | _adc | ||
| 050 | 4 | _aBT | |
| 050 | 4 | _aPR | |
| 100 | 1 |
_aButler, Samuel, _d1835-1902 |
|
| 245 | 1 | 4 |
_aThe Fair Haven _h[electronic resource] / _cSamuel Butler |
| 260 |
_bProject Gutenberg, _c2004 |
||
| 506 | _aPublic domain in the USA. | ||
| 516 | _aElectronic text | ||
| 653 | _aChristianity -- Controversial literature | ||
| 653 | _aJesus Christ -- Person and offices | ||
| 653 | _aJesus Christ -- Biography -- History and criticism | ||
| 653 | _aStrauss, David Friedrich, 1808-1874 | ||
| 653 | _aAlford, Henry, 1810-1871 | ||
| 653 | _aJesus Christ -- Miracles | ||
| 700 | 1 |
_aStreatfeild, R. A. _q(Richard Alexander), _d1866-1919 |
|
| 830 | 0 |
_aProject Gutenberg _v6092 |
|
| 856 | 4 | 0 | _uhttp://www.gutenberg.org/ebooks/6092 |
| 942 | _cEB | ||
| 999 |
_c235420 _d235420 |
||